| 000 | 00616nam a2200229Ia 4500 | ||
|---|---|---|---|
| 003 | OSt | ||
| 005 | 20221005022412.0 | ||
| 006 | a|||||r|||| 00| 0 | ||
| 007 | ta | ||
| 008 | 221004b |||||||| |||| 00| 0 urd d | ||
| 024 | _a13293 | ||
| 037 | _cTextual | ||
| 040 |
_aCRL _cCRL _burd |
||
| 041 |
_2urd _aurd |
||
| 082 | _aO168,1v, P4 | ||
| 100 |
_aAqeel Syed M _9578061 |
||
| 245 | 0 | _aUsool-e-tanqeed aur radd-e-amal | |
| 260 |
_aAllahabad _bAnjuman tehzeeb-e-nav India _c2004 |
||
| 650 | _aURDU LITERATURE | ||
| 942 |
_hO168,1v, P4 _cTEXL _2cc |
||
| 999 |
_c929344 _d929344 |
||